[Event "Ortisei Server24 op-B 2nd"]
[Site "Ortisei"]
[Date "2013.06.08"]
[Round "8"]
[White "Bossoni, Mario"]
[Black "Soupizon, Remi"]
[Result "0-1"]
[WhiteElo "1941"]
[BlackElo "1990"]
[PlyCount "114"]
[EventDate "2013.06.01"]
[EventType "swiss"]
[EventRounds "9"]
[EventCountry "ITA"]
[SourceTitle "EXT 2024"]
[Source "ChessBase"]
[SourceDate "2023.10.10"]
[SourceVersion "1"]
[SourceVersionDate "2023.10.10"]
[SourceQuality "1"]

1. e4 d5 2. exd5 Qxd5 3. Nc3 Qa5 4. d4 c6 5. Nf3 Nf6 6. Bc4 Bf5 7. Bd2 e6 8. Qe2 Bb4 9. 0-0 0-0 10. a3 Bxc3 11. Bxc3 Qc7 12. Bb3 Nbd7 13. Rad1 Nd5 14. Bxd5 cxd5 15. Nh4 Qf4 16. Nxf5 Qxf5 17. Qb5 Nf6 18. Rd3 Nh5 19. Re1 Qg6 20. Qb3 a6 21. Re5 b5 22. Rh3 Nf4 23. Rg3 Qh6 24. Re1 Rfc8 25. h3 Rc4 26. Kf1 Nh5 27. Rd3 Rac8 28. Bd2 Qg6 29. Rc3 Qf6 30. Rxc4 Rxc4 31. c3 Ng3+ 32. Kg1 Ne4 33. Be3 Qh4 34. Qd1 f5 35. Qc1 f4 36. Bxf4 Qxf2+ 37. Kh2 g5 38. Rf1 Qh4 39. Be5 Rc8 40. Qd1 Rf8 41. Rxf8+ Kxf8 42. a4 g4 43. Qxg4 Qxg4 44. hxg4 bxa4 45. Kg1 Ke7 46. Bf4 a3 47. bxa3 Nxc3 48. Be3 Kd6 49. Kf2 Nd1+ 50. Ke2 Nxe3 51. Kxe3 e5 52. dxe5+ Kxe5 53. g5 a5 54. a4 d4+ 55. Kd3 Kd5 56. Kd2 Kc4 57. Kc2 Kb4 0-1

[Event "Lvov Euro op 1st"]
[Site "Lvov"]
[Date "2012.06.02"]
[Round "9"]
[White "Soupizon, Remi"]
[Black "Kozak, Dmytro"]
[Result "0-1"]
[WhiteElo "2001"]
[BlackElo "1887"]
[PlyCount "42"]
[EventDate "2012.05.28"]
[EventType "swiss"]
[EventRounds "9"]
[EventCountry "UKR"]
[SourceTitle "CBM 148 Extra"]
[Source "ChessBase"]
[SourceDate "2012.06.22"]
[SourceVersion "1"]
[SourceVersionDate "2012.06.22"]
[SourceQuality "1"]

1. e4 e5 2. f4 d5 3. exd5 exf4 4. Nf3 Nf6 5. Be2 Nxd5 6. c4 Nf6 7. d4 Bb4+ 8. Bd2 Bxd2+ 9. Qxd2 0-0 10. 0-0 Nc6 11. d5 Ne7 12. Qxf4 Ng6 13. Qd4 Re8 14. Nc3 Qe7 15. Rae1 Qe3+ 16. Qxe3 Rxe3 17. Nd1 Re8 18. Nd4 Bd7 19. Nc3 a6 20. a4 Ne4 21. a5 Nd2 0-1

[Event "Geneve op 27th"]
[Site "Geneve"]
[Date "2010.12.30"]
[Round "7"]
[White "Soupizon, Remi"]
[Black "Stoeri, Laura"]
[Result "0-1"]
[WhiteElo "2043"]
[BlackElo "1918"]
[PlyCount "46"]
[EventDate "2010.12.26"]
[EventType "swiss"]
[EventRounds "7"]
[EventCountry "SUI"]
[SourceTitle "CBM 140 Extra"]
[Source "ChessBase"]
[SourceDate "2011.03.01"]
[SourceVersion "1"]
[SourceVersionDate "2011.03.01"]
[SourceQuality "1"]

1. d4 Nf6 2. Nc3 g6 3. e4 d6 4. Be3 Bg7 5. Qd2 Nbd7 6. Bh6 Bxh6 7. Qxh6 c6 8. 0-0-0 Qa5 9. Kb1 b5 10. Qe3 Nb6 11. Qe1 b4 12. e5 bxc3 13. exf6 Be6 14. Qxc3 Qxc3 15. bxc3 Na4 16. Ka1 Nxc3 17. Rd3 Ne4 18. d5 cxd5 19. Rf3 Rb8 20. Nh3 Nd2 21. Be2 Nxf3 22. Bxf3 Bxh3 23. gxh3 e6 0-1

[Event "Nove Zamky op"]
[Site "Nove Zamky"]
[Date "2010.08.14"]
[Round "5"]
[White "Jancovic, Peter"]
[Black "Soupizon, Remi"]
[Result "1-0"]
[WhiteElo "2162"]
[BlackElo "2043"]
[PlyCount "59"]
[EventDate "2010.08.11"]
[EventType "swiss"]
[EventRounds "7"]
[EventCountry "SVK"]
[SourceTitle "CBM 137 Extra"]
[Source "ChessBase"]
[SourceDate "2010.09.01"]
[SourceVersion "1"]
[SourceVersionDate "2010.09.01"]
[SourceQuality "1"]

1. e4 d5 2. exd5 Qxd5 3. Nf3 Bf5 4. Nc3 Qa5 5. Bc4 e6 6. 0-0 Nf6 7. d3 c6 8. Re1 b5 9. Bb3 Bc5 10. h3 0-0 11. Nh4 Bg6 12. Qf3 Qb6 13. a4 Nbd7 14. Bf4 a6 15. Nxg6 hxg6 16. Re2 Qb7 17. Rae1 Rfd8 18. Bg5 Re8 19. g4 Be7 20. d4 Qc7 21. Bd2 Rad8 22. axb5 axb5 23. d5 Nxd5 24. Bxd5 cxd5 25. Nxd5 Qc5 26. Bb4 Qxd5 27. Qxd5 exd5 28. Rxe7 Rxe7 29. Rxe7 g5 30. Ba5 1-0

[Event "Nove Zamky op"]
[Site "Nove Zamky"]
[Date "2010.08.14"]
[Round "6"]
[White "Janko, Michal"]
[Black "Soupizon, Remi"]
[Result "1-0"]
[WhiteElo "2279"]
[BlackElo "2043"]
[PlyCount "65"]
[EventDate "2010.08.11"]
[EventType "swiss"]
[EventRounds "7"]
[EventCountry "SVK"]
[SourceTitle "CBM 137 Extra"]
[Source "ChessBase"]
[SourceDate "2010.09.01"]
[SourceVersion "1"]
[SourceVersionDate "2010.09.01"]
[SourceQuality "1"]

1. e4 d5 2. Nc3 dxe4 3. Nxe4 Qd5 4. Nc3 Qa5 5. Bc4 Nf6 6. d3 c6 7. Bd2 Bf5 8. Nge2 e6 9. 0-0 Qc7 10. Ng3 Be7 11. Nxf5 exf5 12. Qf3 Qd7 13. Ne2 0-0 14. b4 Ne4 15. Be1 Bf6 16. Rb1 Nd6 17. Bb3 Na6 18. Bd2 Rfe8 19. Rfd1 Nc7 20. c3 Re7 21. Nf4 g6 22. d4 Ne4 23. Be1 Rc8 24. g3 Nd5 25. h4 h5 26. Rbc1 Qd6 27. Nd3 Bg7 28. c4 Ndf6 29. Nf4 Bh6 30. c5 Qc7 31. d5 Nxd5 32. Bxd5 cxd5 33. Nxd5 1-0

[Event "Nove Zamky op"]
[Site "Nove Zamky"]
[Date "2010.08.12"]
[Round "3"]
[White "Banas, Jan"]
[Black "Soupizon, Remi"]
[Result "1-0"]
[WhiteElo "2312"]
[BlackElo "2043"]
[PlyCount "74"]
[EventDate "2010.08.11"]
[EventType "swiss"]
[EventRounds "7"]
[EventCountry "SVK"]
[SourceTitle "CBM 137 Extra"]
[Source "ChessBase"]
[SourceDate "2010.09.01"]
[SourceVersion "1"]
[SourceVersionDate "2010.09.01"]
[SourceQuality "1"]

1. c4 c6 2. e4 d5 3. exd5 cxd5 4. d4 Nc6 5. cxd5 Qxd5 6. Nf3 e5 7. Nc3 Bb4 8. Bd2 Bxc3 9. Bxc3 Bg4 10. dxe5 Nge7 11. Be2 0-0 12. Qa4 Bxf3 13. Bxf3 Qe6 14. 0-0 Rab8 15. Qe4 Rfe8 16. Rfe1 Qf5 17. Qxf5 Nxf5 18. Rad1 Re7 19. Be4 g6 20. f4 Ng7 21. g3 Ne6 22. a3 Ree8 23. Kg2 Kg7 24. Rd7 Ncd8 25. Bc2 Rc8 26. Re2 Nf8 27. Rd1 Nde6 28. Ba4 Red8 29. Red2 Rxd2+ 30. Rxd2 Kg8 31. Bc2 Rc4 32. Kf3 h5 33. h3 g5 34. f5 g4+ 35. hxg4 hxg4+ 36. Kg2 Ng5 37. Rd8 Kg7 1-0

[Event "FRA-chT2 0910"]
[Site "France"]
[Date "2009.11.22"]
[Round "4.5"]
[White "Soupizon, Remi"]
[Black "Salvaing, Jean Louis"]
[Result "1-0"]
[WhiteElo "2041"]
[BlackElo "2015"]
[PlyCount "74"]
[EventDate "2009.09.27"]
[EventType "team-tourn"]
[EventRounds "11"]
[EventCountry "FRA"]
[SourceTitle "EXT 2011"]
[Source "ChessBase"]
[SourceDate "2010.11.26"]
[SourceVersion "1"]
[SourceVersionDate "2010.11.26"]
[SourceQuality "1"]

1. e4 c5 2. Nc3 e6 3. f4 Nc6 4. Nf3 g6 5. Bc4 Bg7 6. f5 Nge7 7. fxe6 fxe6 8. d3 d5 9. Bb3 b5 10. exd5 exd5 11. 0-0 0-0 12. Nxb5 Qb6 13. c4 d4 14. Qe1 Nf5 15. Ng5 Ne5 16. Bf4 Nxd3 17. Qe4 Nxf4 18. Rxf4 Bb7 19. Qe6+ Qxe6 20. Nxe6 Rfc8 21. Nxg7 Kxg7 22. Raf1 a6 23. g4 axb5 24. gxf5 g5 25. f6+ Kf7 26. Rf5 h6 27. Re1 Re8 28. cxb5+ Kg6 29. Rxe8 Rxe8 30. f7 Rf8 31. Rxc5 Be4 32. Re5 Bf3 33. Kf2 g4 34. Re8 Kg7 35. a4 d3 36. Ke3 Be2 37. b6 h5 1-0

[Event "FRA-chT1 0910"]
[Site "France"]
[Date "2009.10.18"]
[Round "3.7"]
[White "Soupizon, Remi"]
[Black "Lohou, Stephane"]
[Result "0-1"]
[WhiteElo "2047"]
[BlackElo "2158"]
[PlyCount "58"]
[EventDate "2009.09.27"]
[EventType "team-tourn"]
[EventRounds "11"]
[EventCountry "FRA"]
[SourceTitle "EXT 2011"]
[Source "ChessBase"]
[SourceDate "2010.11.26"]
[SourceVersion "1"]
[SourceVersionDate "2010.11.26"]
[SourceQuality "1"]

1. e4 c5 2. Nc3 e6 3. f4 a6 4. Nf3 Nc6 5. d4 cxd4 6. Nxd4 Qc7 7. Be3 b5 8. Nb3 Nf6 9. Bd3 d6 10. Qf3 Bb7 11. 0-0-0 Na5 12. Nxa5 Qxa5 13. Kb1 Rc8 14. Bd2 b4 15. Ne2 d5 16. e5 Ne4 17. Be1 Qb6 18. Ka1 Bc5 19. Rf1 f5 20. exf6 Nxf6 21. g4 0-0 22. g5 Ne4 23. Ng3 Nxg5 24. Qg4 Ne4 25. Nxe4 dxe4 26. Bc4 Rce8 27. f5 Kh8 28. Rd2 Bd4 29. Bf2 e5 0-1

[Event "Pula op 23rd"]
[Site "Pula"]
[Date "2009.06.27"]
[Round "1"]
[White "Soupizon, Remi"]
[Black "Zelcic, Robert"]
[Result "0-1"]
[WhiteElo "2032"]
[BlackElo "2555"]
[PlyCount "82"]
[EventDate "2009.06.27"]
[EventType "swiss"]
[EventRounds "9"]
[EventCountry "CRO"]
[SourceTitle "CBM 131 Extra"]
[Source "ChessBase"]
[SourceDate "2009.09.03"]
[SourceVersion "2"]
[SourceVersionDate "2009.09.16"]
[SourceQuality "1"]

1. e4 c5 2. Nc3 g6 3. f4 Bg7 4. Nf3 d6 5. Bc4 e6 6. d3 Ne7 7. 0-0 0-0 8. Qe1 Nbc6 9. Kh1 d5 10. Bb3 Nd4 11. Nxd4 cxd4 12. Ne2 dxe4 13. dxe4 a5 14. a4 Bd7 15. Ng1 b5 16. Nf3 bxa4 17. Bxa4 Bxa4 18. Rxa4 Qb6 19. b4 Nc6 20. bxa5 Qb5 21. Ra3 Rxa5 22. Rxa5 Nxa5 23. e5 Nc6 24. Rf2 Ra8 25. Rd2 Qc4 26. Bb2 Bh6 27. Qe4 Rb8 28. Bxd4 Rb1+ 29. Ng1 Rf1 30. g3 Bf8 31. Qd3 Qxd3 32. Rxd3 Nxd4 33. Kg2 Rxg1+ 34. Kxg1 Nxc2 35. Rd7 h6 36. Kf2 Nb4 37. g4 Nc6 38. h4 g5 39. hxg5 hxg5 40. Rc7 Nb4 41. Ke3 Nd5+ 0-1

[Event "Sitges op 32nd"]
[Site "Sitges"]
[Date "2006.07.21"]
[Round "1"]
[White "Parligras, Mircea Emilian"]
[Black "Soupizon, Remi"]
[Result "1-0"]
[WhiteElo "2510"]
[BlackElo "2001"]
[PlyCount "49"]
[EventDate "2006.07.21"]
[EventType "swiss"]
[EventRounds "9"]
[EventCountry "ESP"]
[SourceTitle "CBM 113 Extra"]
[Source "ChessBase"]
[SourceDate "2006.09.14"]
[SourceVersion "1"]
[SourceVersionDate "2006.09.14"]
[SourceQuality "1"]

1. e4 d5 2. exd5 Qxd5 3. Nc3 Qa5 4. d4 c6 5. Nf3 Nf6 6. Bc4 Bf5 7. Bd2 e6 8. Ne4 Qc7 9. Nxf6+ gxf6 10. Bb3 Nd7 11. Nh4 Bg6 12. Qe2 Bd6 13. g3 0-0-0 14. 0-0-0 Nb6 15. Rhe1 c5 16. dxc5 Bxc5 17. Bc3 e5 18. f4 exf4 19. Bxf6 Be3+ 20. Kb1 Rxd1+ 21. Rxd1 Re8 22. Bg5 Qe5 23. gxf4 Qe4 24. Nxg6 fxg6 25. Re1 1-0

[Event "Queenstown op"]
[Site "Queenstown"]
[Date "2006.01.18"]
[Round "4"]
[White "Soupizon, Remi"]
[Black "Wang, Puchen"]
[Result "0-1"]
[WhiteElo "2051"]
[BlackElo "2240"]
[PlyCount "58"]
[EventDate "2006.01.15"]
[EventType "swiss"]
[EventRounds "10"]
[EventCountry "NZL"]
[SourceTitle "CBM 110 Extra"]
[Source "ChessBase"]
[SourceDate "2006.03.10"]
[SourceVersion "2"]
[SourceVersionDate "2006.03.10"]
[SourceQuality "1"]

1. e4 d5 2. Nc3 Nf6 3. e5 Nfd7 4. d4 e6 5. f4 c5 6. Nf3 Nc6 7. Ne2 Qb6 8. c3 f6 9. h4 fxe5 10. fxe5 cxd4 11. cxd4 Bb4+ 12. Bd2 0-0 13. Bc3 h6 14. Qd2 Bxc3 15. bxc3 Ne7 16. Ng3 Qc6 17. Bd3 Nb6 18. 0-0 Bd7 19. Ng5 Nc4 20. Qe2 hxg5 21. Qh5 Rf5 22. hxg5 Be8 23. Nxf5 exf5 24. g6 Bxg6 25. Qg5 Qe6 26. Rab1 b6 27. a4 f4 28. Bxg6 Nxg6 29. g3 Nd2 0-1

[Event "Bois Colombes op 2nd"]
[Site "Bois Colombes"]
[Date "2005.12.26"]
[Round "6"]
[White "Soupizon, Remi"]
[Black "Guyard, Rodolphe"]
[Result "0-1"]
[WhiteElo "2051"]
[BlackElo "2166"]
[PlyCount "46"]
[EventDate "2005.12.21"]
[EventType "swiss"]
[EventRounds "6"]
[EventCountry "FRA"]
[SourceTitle "EXT 2007"]
[Source "ChessBase"]
[SourceDate "2006.11.23"]
[SourceVersion "1"]
[SourceVersionDate "2006.11.23"]
[SourceQuality "1"]

1. e4 c5 2. Nc3 d6 3. f4 g6 4. Nf3 Bg7 5. Bc4 Nc6 6. d3 e6 7. 0-0 Nge7 8. a3 Nd4 9. Nxd4 Bxd4+ 10. Kh1 a6 11. Qe1 b5 12. Bb3 Bb7 13. f5 gxf5 14. exf5 Rg8 15. Ne4 exf5 16. Bg5 Bxe4 17. dxe4 Rxg5 18. exf5 Be5 19. f6 Nf5 20. Qe4 Nd4 21. Bxf7+ Kxf7 22. Qxh7+ Ke6 23. f7 Qh8 0-1

[Event "FRA-chT2A 0506"]
[Site "France"]
[Date "2005.11.20"]
[Round "3.7"]
[White "Soupizon, Remi"]
[Black "Nguyen, Huu Hoang Anh"]
[Result "0-1"]
[WhiteElo "2051"]
[BlackElo "2059"]
[PlyCount "58"]
[EventDate "2005.10.27"]
[EventType "team-tourn"]
[EventRounds "11"]
[EventCountry "FRA"]
[SourceTitle "EXT 2006"]
[Source "ChessBase"]
[SourceDate "2005.11.24"]
[SourceVersion "1"]
[SourceVersionDate "2005.11.24"]
[SourceQuality "1"]
[WhiteTeam "Bois Colombes II"]
[BlackTeam "Evry III"]
[WhiteTeamCountry "FRA"]
[BlackTeamCountry "FRA"]

1. e4 c6 2. d4 Qc7 3. f4 d6 4. Nf3 Nd7 5. e5 Nb6 6. Bd3 g6 7. h3 Bg7 8. Nbd2 Nh6 9. g4 dxe5 10. fxe5 Be6 11. Ne4 0-0-0 12. Bf4 Nd5 13. Bd2 f6 14. c4 Nb6 15. Ba5 fxe5 16. c5 exd4 17. cxb6 axb6 18. Bd2 Rhf8 19. 0-0 Nf7 20. Qe2 Bd5 21. Qh2 Ne5 22. Nxe5 Bxe5 23. Qg2 Rxf1+ 24. Rxf1 Bxa2 25. Ra1 Bd5 26. Be1 Kd7 27. Bg3 Bf4 28. Rc1 Bxe4 29. Qxe4 Bxg3 0-1

[Event "Tatry op"]
[Site "Tatranske Zruby"]
[Date "2005.09.15"]
[Round "7"]
[White "Musil, Vitezslav"]
[Black "Soupizon, Remi"]
[Result "1/2-1/2"]
[WhiteElo "2146"]
[BlackElo "2051"]
[PlyCount "46"]
[EventDate "2005.09.10"]
[EventType "swiss"]
[EventRounds "9"]
[EventCountry "SVK"]
[SourceTitle "CBM 108 Extra"]
[Source "ChessBase"]
[SourceDate "2005.11.04"]
[SourceVersion "1"]
[SourceVersionDate "2005.11.04"]
[SourceQuality "1"]

1. e4 d5 2. exd5 Qxd5 3. Nc3 Qa5 4. Nf3 Nf6 5. d4 c6 6. Bc4 Bf5 7. Bd2 e6 8. Nd5 Qd8 9. Ne3 Bg6 10. c3 Nbd7 11. Qb3 Qc7 12. 0-0 Bd6 13. Rfe1 0-0 14. Nf1 e5 15. dxe5 Nxe5 16. Nxe5 Bxe5 17. a4 Rad8 18. Bg5 h6 19. Bh4 Rd7 20. Rad1 Rfd8 21. Rxd7 Rxd7 22. Bg3 Bxg3 23. Nxg3 Rd2 1/2-1/2

[Event "Tatry op"]
[Site "Tatranske Zruby"]
[Date "2005.09.13"]
[Round "5"]
[White "Fabry, Robert"]
[Black "Soupizon, Remi"]
[Result "1-0"]
[WhiteElo "2198"]
[BlackElo "2051"]
[PlyCount "111"]
[EventDate "2005.09.10"]
[EventType "swiss"]
[EventRounds "9"]
[EventCountry "SVK"]
[SourceTitle "CBM 108 Extra"]
[Source "ChessBase"]
[SourceDate "2005.11.04"]
[SourceVersion "1"]
[SourceVersionDate "2005.11.04"]
[SourceQuality "1"]

1. e4 d5 2. exd5 Qxd5 3. Nc3 Qa5 4. d4 c6 5. Nf3 Nf6 6. Bc4 Bf5 7. 0-0 e6 8. Ne5 Nbd7 9. Bf4 Nxe5 10. Bxe5 Be7 11. Ne2 0-0 12. c3 Qd8 13. Ng3 Bg6 14. Qe2 Qd7 15. Rad1 Rad8 16. Bf4 Bd6 17. Qe3 Nd5 18. Bxd5 exd5 19. Bxd6 Qxd6 20. Rfe1 f6 21. Qe6+ Qxe6 22. Rxe6 Rfe8 23. Rde1 Rxe6 24. Rxe6 Kf7 25. Re3 Bb1 26. a3 Ba2 27. Kf1 Bc4+ 28. Ke1 a5 29. Nf5 Rd7 30. Kd2 Bf1 31. Re1 Bxg2 32. Nxg7 Be4 33. Nh5 b6 34. Ng3 Bg6 35. f4 h6 36. f5 Bh7 37. Re6 Bxf5 38. Rxc6 Bg4 39. Rxb6 Re7 40. b4 f5 41. Rxh6 Kg7 42. Rh4 Kf6 43. h3 Bf3 44. Rf4 Be4 45. Nxe4+ dxe4 46. c4 Rh7 47. h4 axb4 48. axb4 Ra7 49. Rf1 Ra2+ 50. Ke3 Ra3+ 51. Kf4 Rd3 52. d5 Rd4 53. c5 Rxb4 54. Ra1 e3+ 55. Kxe3 Ke5 56. Rd1 1-0

[Event "Tatry op"]
[Site "Tatranske Zruby"]
[Date "2005.09.10"]
[Round "1"]
[White "Pribyl, Josef"]
[Black "Soupizon, Remi"]
[Result "1-0"]
[WhiteElo "2392"]
[BlackElo "2051"]
[PlyCount "57"]
[EventDate "2005.09.10"]
[EventType "swiss"]
[EventRounds "9"]
[EventCountry "SVK"]
[SourceTitle "CBM 108 Extra"]
[Source "ChessBase"]
[SourceDate "2005.11.04"]
[SourceVersion "1"]
[SourceVersionDate "2005.11.04"]
[SourceQuality "1"]

1. c4 c6 2. e4 d5 3. exd5 cxd5 4. cxd5 Nf6 5. Nc3 g6 6. Bb5+ Nbd7 7. d6 exd6 8. d4 Bg7 9. Qe2+ Qe7 10. Bf4 Kd8 11. Qxe7+ Kxe7 12. 0-0-0 Re8 13. Nf3 a6 14. Rhe1+ Kf8 15. Bxd6+ Kg8 16. Bc4 Bh6+ 17. Kc2 Nb6 18. Bd3 Be6 19. Ne5 Rac8 20. Kb1 Nfd5 21. Nxd5 Nxd5 22. Be4 Red8 23. Bc5 b5 24. Nd3 Bg7 25. g3 Rd7 26. Nf4 Nxf4 27. gxf4 Rcd8 28. d5 Bxd5 29. Rxd5 1-0

[Event "Syre Memorial op 28th"]
[Site "Issy les Moulineaux"]
[Date "2005.05.08"]
[Round "6"]
[White "Soupizon, Remi"]
[Black "Daniel, Jeremy"]
[Result "0-1"]
[WhiteElo "2015"]
[BlackElo "1800"]
[PlyCount "96"]
[EventDate "2005.05.05"]
[EventType "swiss"]
[EventRounds "6"]
[EventCountry "FRA"]
[SourceTitle "EXT 2007"]
[Source "ChessBase"]
[SourceDate "2006.11.23"]
[SourceVersion "1"]
[SourceVersionDate "2006.11.23"]
[SourceQuality "1"]

1. e4 c6 2. Bc4 d5 3. Bb3 dxe4 4. Qh5 g6 5. Qh4 Nf6 6. Nc3 Bg7 7. f3 0-0 8. fxe4 e5 9. Nf3 Nbd7 10. 0-0 Nc5 11. d3 Nxb3 12. axb3 Nh5 13. Qf2 f5 14. Rxa7 Rxa7 15. Qxa7 f4 16. Qc5 Re8 17. Bd2 g5 18. d4 g4 19. Nxe5 Bxe5 20. dxe5 Qxd2 21. e6 Qe3+ 22. Qxe3 fxe3 23. Re1 Rxe6 24. Rxe3 Nf6 25. h3 h5 26. hxg4 Nxg4 27. Rd3 Re8 28. Rh3 Re5 29. Rd3 Kf7 30. Kf1 Ke7 31. Ke2 Rg5 32. Kf3 Ra5 33. Kf4 Be6 34. Na4 Nf6 35. Rc3 Nd7 36. Rg3 Bg4 37. c4 Ke6 38. Nc3 Ra1 39. Rd3 Rf1+ 40. Kg5 Rf2 41. g3 Ne5 42. Re3 Nf7+ 43. Kg6 Rf6+ 44. Kg7 Ne5 45. Na4 Rg6+ 46. Kh7 Kf6 47. Nc5 Rg7+ 48. Kh6 Nf7# 0-1

[Event "Politiken Cup 26th"]
[Site "Copenhagen"]
[Date "2004.08.01"]
[Round "10"]
[White "Rossen, Claus"]
[Black "Soupizon, Remi"]
[Result "1-0"]
[WhiteElo "2168"]
[BlackElo "2003"]
[PlyCount "41"]
[EventDate "2004.07.24"]
[EventType "swiss"]
[EventRounds "10"]
[EventCountry "DEN"]
[SourceTitle "CBM 101 Extra"]
[Source "ChessBase"]
[SourceDate "2004.09.01"]
[SourceVersion "2"]
[SourceVersionDate "2004.09.01"]
[SourceQuality "1"]

1. e4 d5 2. exd5 Qxd5 3. Nc3 Qa5 4. d4 Nf6 5. Bc4 Bf5 6. Bd2 Qb6 7. Nf3 c6 8. Qe2 e6 9. 0-0-0 Bb4 10. d5 Bxc3 11. Bxc3 cxd5 12. Bxf6 gxf6 13. Rxd5 Bg6 14. Rb5 Qc6 15. Bd5 Qa6 16. Bxb7 Qxa2 17. Bxa8 0-0 18. Nd2 Rc8 19. Be4 Nc6 20. Bxg6 hxg6 21. Qc4 1-0